Deutsche Städte mit N - Statistiken

Allgemein
  • Dieses Quiz wurde 51 mal gespielt
  • Das Durchschnittsergebnis liegt bei 44 aus 97
Antwortstatistiken
Einwohnerzahl Bundesland Regierungsbezirk (Land-)kreis weitere Untergliederung Antwort % Korrekt
39.420 Hessen Darmstadt Offenbach - Neu-Isenburg
100%
61.780 Bayern Schwaben Neu-Ulm - Neu-Ulm
100%
526.091 Bayern Mittelfranken - - Nürnberg
100%
155.163 Nordrhein-Westfalen Düsseldorf Rhein-Kreis Neuss - Neuss
93%
65.986 Rheinland-Pfalz - Neuwied - Neuwied
93%
47.097 Saarland - Neunkirchen - Neunkirchen (Saar)
90%
41.233 Thüringen - Nordhausen - Nordhausen
90%
482 Thüringen - Weimarer Land Erfüllende Gemeinde Am Ettersberg Neumark (bei Weimar)
88%
29.337 Niedersachsen - Northeim - Northeim
88%
30.881 Bayern Oberbayern Neuburg-Schrobenhausen - Neuburg an der Donau
85%
1.145 Bayern Oberpfalz Neustadt an der Waldnaab Verwaltungsgemeinschaft Eschenbach in der Oberpfalz Neustadt am Kulm
85%
45.325 Niedersachsen - Region Hannover - Neustadt am Rübenberge
85%
13.523 Bayern Mittelfranken Neustadt an der Aisch-Bad Windsheim - Neustadt an der Aisch
85%
14.949 Bayern Niederbayern Kelheim - Neustadt an der Donau
85%
8.971 Thüringen - Saale-Orla-Kreis Erfüllende Gemeinde für Kospoda Neustadt an der Orla
85%
5.950 Bayern Oberpfalz Neustadt an der Waldnaab - Neustadt an der Waldnaab
85%
53.981 Rheinland-Pfalz - - - Neustadt an der Weinstraße
85%
15.083 Bayern Oberfranken Coburg - Neustadt bei Coburg
85%
3.477 Brandenburg - Ostprignitz-Ruppin - Neustadt (Dosse)
85%
6.931 Mecklenburg-Vorpommern - Ludwigslust-Parchim Amt Neustadt-Glewe Neustadt-Glewe
85%
10.051 Hessen Gießen Marburg-Biedenkopf - Neustadt (Hessen)
85%
15.749 Schleswig-Holstein - Ostholstein - Neustadt in Holstein
85%
11.929 Sachsen - Sächsische Schweiz-Osterzgebirge - Neustadt in Sachsen
85%
5.892 Sachsen-Anhalt - Salzlandkreis - Nienburg (Saale)
85%
32.423 Niedersachsen - Nienburg/Weser - Nienburg (Weser)
85%
10.362 Rheinland-Pfalz - Mainz-Bingen Verbandsgemeinde Nieder-Olm Nieder-Olm
83%
41.255 Bayern Oberpfalz Neumarkt in der Oberpfalz - Neumarkt in der Oberpfalz
80%
6.543 Bayern Oberbayern Mühldorf am Inn Verwaltungsgemeinschaft Neumarkt-Sankt Veit Neumarkt-Sankt Veit
80%
63.989 Mecklenburg-Vorpommern - Mecklenburgische Seenplatte - Neubrandenburg
76%
80.185 Schleswig-Holstein - - - Neumünster
73%
4.688 Rheinland-Pfalz - Rhein-Lahn-Kreis Verbandsgemeinde Bad Ems-Nassau Nassau
66%
3.169 Sachsen - Görlitz Verwaltungsgemeinschaft Neusalza-Spremberg Neusalza-Spremberg
63%
25.210 Niedersachsen - Aurich - Norden (Ostfriesland)
63%
55.619 Niedersachsen - Grafschaft Bentheim - Nordhorn
63%
4.409 Rheinland-Pfalz - Rhein-Lahn-Kreis Verbandsgemeinde Nastätten Nastätten
61%
3.718 Sachsen - Vogtlandkreis Verwaltungsgemeinschaft Netzschkau-Limbach Netzschkau
61%
2.056 Brandenburg - Potsdam-Mittelmark Amt Niemegk Niemegk
59%
82.719 Schleswig-Holstein - Segeberg - Norderstedt
59%
4.014 Mecklenburg-Vorpommern - Nordwestmecklenburg Amt Neukloster-Warin Neukloster
56%
10.650 Niedersachsen - Grafschaft Bentheim Samtgemeinde Neuenhaus Neuenhaus
54%
41.403 Baden-Württemberg Stuttgart Esslingen - Nürtingen
54%
5.095 Hessen Kassel Kassel - Naumburg (Hessen)
51%
32.336 Sachsen-Anhalt - Burgenlandkreis - Naumburg (Saale)
51%
28.110 Nordrhein-Westfalen Düsseldorf Wesel - Neukirchen-Vluyn
51%
19.563 Brandenburg - Havelland - Nauen
49%
7.014 Hessen Kassel Schwalm-Eder-Kreis - Neukirchen (Knüll)
49%
7.175 Schleswig-Holstein - Rendsburg-Eckernförde Amt Nortorfer Land Nortorf
46%
31.803 Brandenburg - Ostprignitz-Ruppin - Neuruppin
44%
21.053 Bayern Schwaben Donau-Ries - Nördlingen
44%
26.495 Baden-Württemberg Stuttgart Heilbronn - Neckarsulm
41%
8.815 Thüringen - Sonneberg Erfüllende Gemeinde für Goldisthal Neuhaus am Rennweg
41%
43.425 Nordrhein-Westfalen Düsseldorf Viersen - Nettetal
39%
20.340 Mecklenburg-Vorpommern - Mecklenburgische Seenplatte - Neustrelitz
37%
8.811 Sachsen - Leipzig Verwaltungsgemeinschaft Naunhof Naunhof
34%
12.482 Baden-Württemberg Freiburg Breisgau-Hochschwarzwald - Neuenburg am Rhein
34%
8.518 Baden-Württemberg Karlsruhe Enzkreis - Neuenbürg
32%
22.985 Baden-Württemberg Karlsruhe Calw - Nagold
27%
13.576 Baden-Württemberg Karlsruhe Rhein-Neckar-Kreis - Neckargemünd
27%
39.424 Nordrhein-Westfalen Köln Rhein-Sieg-Kreis - Niederkassel
27%
10.159 Schleswig-Holstein - Nordfriesland Amt Südtondern Niebüll
24%
17.768 Hessen Darmstadt Wetteraukreis - Nidda
22%
4.099 Hessen Darmstadt Bergstraße - Neckarsteinach
20%
23.430 Nordrhein-Westfalen Arnsberg Siegen-Wittgenstein - Netphen
20%
9.144 Sachsen - Görlitz - Niesky
20%
26.410 Niedersachsen - Wesermarsch - Nordenham
20%
5.990 Niedersachsen - Aurich - Norderney
20%
10.377 Sachsen - Meißen - Nossen
20%
6.349 Bayern Oberpfalz Schwandorf - Nabburg
17%
11.835 Nordrhein-Westfalen Arnsberg Märkischer Kreis - Neuenrade
17%
10.372 Baden-Württemberg Stuttgart Heilbronn - Neuenstadt am Kocher
17%
7.618 Bayern Oberfranken Hof - Naila
15%
1.561 Rheinland-Pfalz - Eifelkreis Bitburg-Prüm Verbandsgemeinde Südeifel Neuerburg
15%
10.397 Nordrhein-Westfalen Köln Düren - Nideggen
15%
9.506 Bayern Oberpfalz Schwandorf - Nittenau
15%
3.067 Sachsen-Anhalt - Burgenlandkreis Verbandsgemeinde Unstruttal Nebra (Unstrut)
12%
14.359 Hessen Darmstadt Hochtaunuskreis - Neu-Anspach
12%
9.062 Bayern Oberbayern Altötting - Neuötting
12%
23.251 Bayern Schwaben Augsburg - Neusäß
12%
20.652 Hessen Darmstadt Main-Kinzig-Kreis - Nidderau
12%
6.189 Nordrhein-Westfalen Detmold Höxter - Nieheim
12%
8.621 Rheinland-Pfalz - Mainz-Bingen Verbandsgemeinde Rhein-Selz Nierstein
10%
5.796 Baden-Württemberg Karlsruhe Calw - Neubulach
7%
5.561 Baden-Württemberg Stuttgart Heilbronn - Neudenau
7%
8.431 Bayern Oberpfalz Schwandorf - Neunburg vorm Wald
7%
14.614 Bayern Oberpfalz Regensburg - Neutraubling
7%
10.059 Hessen Darmstadt Wetteraukreis - Niddatal
7%
5.678 Hessen Kassel Schwalm-Eder-Kreis - Niedenstein
7%
4.941 Baden-Württemberg Stuttgart Main-Tauber-Kreis - Niederstetten
7%
4.230 Baden-Württemberg Karlsruhe Rhein-Neckar-Kreis - Neckarbischofsheim
5%
8.064 Baden-Württemberg Stuttgart Ostalbkreis - Neresheim
5%
6.705 Baden-Württemberg Stuttgart Hohenlohekreis Gemeindeverwaltungs-verband Hohenloher Ebene Neuenstein (Hohenlohe)
5%
6.322 Baden-Württemberg Stuttgart Esslingen - Neuffen
5%
4.828 Baden-Württemberg Stuttgart Heidenheim - Niederstotzingen
5%
4.037 Mecklenburg-Vorpommern - Rostock - Neubukow
2%
1.747 Mecklenburg-Vorpommern - Mecklenburgische Seenplatte Amt Malchin am Kummerower See Neukalen
2%
4.142 Baden-Württemberg Stuttgart Hohenlohekreis Gemeindeverwaltungs-verband Mittleres Kochertal Niedernhall
2%
5.855 Thüringen - Unstrut-Hainich-Kreis Erfüllende Gemeinde für Körner und Marolterode Nottertal-Heilinger Höhen
2%
Keine übereinstimmenden Quizze gefunden
Verteilung der Resultate
Anzahl Personen mit jedem Resultat
Perzentil nach korrekt beantworteten Fragen
Ihre Resultats-Entwicklung
Sie haben dieses Quiz noch nicht gespielt